| 000 | 00842nam a22002297a 4500 | ||
|---|---|---|---|
| 005 | 20081020105238.0 | ||
| 008 | 081020t xxu||||| |||| 00| 0 eng d | ||
| 010 | _aENG-84041 | ||
| 020 | _a8178271397 | ||
| 020 | _c700.00 (hb) | ||
| 035 | _aEN-67574 | ||
| 082 | _a327.9519054 / KOR | ||
| 245 |
_aKorea and India: _ba forging relationship / _cedited by Sushila Narsimhan and Do Young Kim |
||
| 260 |
_aNew Delhi _bManak Publications |
||
| 260 | _c2005 | ||
| 300 |
_axii,300p _c22cm |
||
| 500 | _aIncludes bibliographical references and index | ||
| 700 |
_aKim, Do Young _ced |
||
| 700 |
_aNarsimhan, Sushila _ced |
||
| 942 |
_2ddc _cEN _h327.9519054 _mKOR |
||
| 999 |
_c17008 _d17008 |
||